000 00390nam a2200145Ia 4500
008 230711s9999||||xx |||||||||||||| ||und||
041 _aENG
082 _a621
_bBO-E
100 _aBogart,Theodore F
245 0 _aElectronic device and circuits
250 _a1st Ed.
260 _c2003
_aNew Delhi
_bUBS Publishers and Distributors Pvt.Ltd.
650 _aElectronics Engineering
942 _cBK
999 _c4114
_d4114